000 00625nam a22002297a 4500
003 UA-OsUOA
001 94823
007 ta
008 20130218b un ||||| |||| 00| 0 ukr d
100 _aДіхтяр А.
090 _a821.161.1
_bД50
942 _cBK
040 _aUA-OsUOA
_bukr
_cUA-OsUOA
_dUA-OsUOA
245 _aРагузовська сопка
_bдокументальна повість
300 _a126 с.
955 _a3
041 _aukr
080 _a821.161.1
260 _aМ.
_bМолодь
_c1979
650 7 _a82 Література. Літературознавство
_2UDC
999 _c381072
_d381072